[Event "EU-ch 24th"]
[Site "Petrovac"]
[Date "2024.11.15"]
[Round "7"]
[White "Markovic, Franjo Josip"]
[Black "Lekic, Dusan"]
[Result "1/2-1/2"]
[WhiteElo "2181"]
[BlackElo "2288"]
[PlyCount "48"]
[EventDate "2024.11.08"]
[EventType "swiss"]
[EventRounds "11"]
[EventCountry "MNE"]
[SourceTitle "CB47_2024"]
[SourceDate "2024.11.20"]
[SourceVersion "1"]
[SourceVersionDate "2024.11.20"]
[SourceQuality "1"]

1. d4 Nf6 2. c4 e6 3. Nf3 d5 4. g3 Be7 5. Bg2 Ne4 6. Nfd2 Nxd2 7. Nxd2 Bf6 8. e3 0-0 9. 0-0 Na6 10. Qc2 c6 11. Rd1 Qe7 12. a3 Nc7 13. b3 e5 14. cxd5 cxd5 15. dxe5 Bxe5 16. Bb2 Bf5 17. Qc1 Rac8 18. Bxe5 Qxe5 19. Nf3 Qf6 20. Nd4 Be4 21. Qd2 Ne6 22. Bxe4 dxe4 23. Nxe6 Qxe6 24. Qd5 Qxd5 1/2-1/2

[Event "EU-ch 24th"]
[Site "Petrovac"]
[Date "2024.11.13"]
[Round "6"]
[White "Akhvlediani, Irakli"]
[Black "Markovic, Franjo Josip"]
[Result "1/2-1/2"]
[WhiteElo "2363"]
[BlackElo "2181"]
[PlyCount "185"]
[EventDate "2024.11.08"]
[EventType "swiss"]
[EventRounds "11"]
[EventCountry "MNE"]
[SourceTitle "CB47_2024"]
[SourceDate "2024.11.20"]
[SourceVersion "1"]
[SourceVersionDate "2024.11.20"]
[SourceQuality "1"]

1. Nf3 Nf6 2. c4 g6 3. Nc3 d5 4. cxd5 Nxd5 5. h4 Bg7 6. h5 Nxc3 7. bxc3 c5 8. Qa4+ Qd7 9. Qc4 b5 10. Qxc5 Na6 11. Qe3 b4 12. Bb2 Bb7 13. hxg6 hxg6 14. Rxh8+ Bxh8 15. Ne5 Qf5 16. c4 Qc2 17. Qb3 Qxb3 18. axb3 Nc5 19. Ra5 Nxb3 20. Rb5 Bxe5 21. Bxe5 0-0-0 22. Rxb4 Nxd2 23. f3 f6 24. Bc3 Nxf1 25. Kxf1 Rd1+ 26. Kf2 Bc6 27. Ke3 Kc7 28. Rb3 e5 29. g4 g5 30. Bb4 Rd7 31. Ra3 Kb7 32. Bc5 Kb8 33. Ra6 Kb7 34. Rxa7+ Kc8 35. Ra6 Kb7 36. Ra1 Kc8 37. Rh1 Rf7 38. Rh8+ Kd7 39. Bb6 Bb7 40. Rd8+ Ke6 41. c5 Rd7 42. Rf8 Ke7 43. Rh8 Kf7 44. Bd8 Kg7 45. Bxf6+ Kxf6 46. c6 Bxc6 47. Rh6+ Kf7 48. Rxc6 Rd4 49. Rc5 Kf6 50. Rc8 Kf7 51. Ra8 Rb4 52. Ra6 Rd4 53. Rc6 Ra4 54. Rd6 Rb4 55. Kd3 Ra4 56. e3 Rb4 57. Ra6 e4+ 58. fxe4 Rb2 59. e5 Rg2 60. Ke4 Rxg4+ 61. Kf5 Rg3 62. e6+ Kf8 63. Ra8+ Ke7 64. Ra7+ Kf8 65. e4 Rg1 66. Kf6 Rf1+ 67. Kxg5 Ke8 68. Rf7 Re1 69. Kf5 Ra1 70. Rb7 Rh1 71. Ke5 Ra1 72. Rc7 Rb1 73. Ra7 Rd1 74. e7 Rb1 75. Kd6 Rb6+ 76. Kc5 Rb1 77. Kd6 Rb6+ 78. Kd5 Rb1 79. Ke6 Rb6+ 80. Kf5 Rc6 81. e5 Rb6 82. Ke4 Rb1 83. Rc7 Ra1 84. Rb7 Ra6 85. Kd5 Ra5+ 86. Ke6 Ra6+ 87. Kf5 Rc6 88. Ra7 Rb6 89. Ke4 Rb1 90. Kd5 Rb5+ 91. Kc6 Rxe5 92. Kd6 Re6+ 93. Kxe6 1/2-1/2

[Event "Bosnjaci op 28th"]
[Site "Bosnjaci"]
[Date "2024.01.05"]
[Round "4"]
[White "Markovic, Franjo Josip"]
[Black "Pusara, Mihailo"]
[Result "1-0"]
[WhiteElo "2194"]
[BlackElo "1928"]
[PlyCount "137"]
[EventDate "2024.01.03"]
[EventType "swiss"]
[EventRounds "9"]
[EventCountry "CRO"]
[SourceTitle "CBM 218 Extra"]
[Source "ChessBase"]
[SourceDate "2024.03.31"]
[SourceVersion "1"]
[SourceVersionDate "2024.03.31"]
[SourceQuality "1"]

1. d4 d5 2. Nf3 Nf6 3. c4 e6 4. Nc3 Be7 5. Bf4 0-0 6. e3 a6 7. c5 Nc6 8. a3 Ne4 9. Nxe4 dxe4 10. Ne5 Nxe5 11. Bxe5 Bd7 12. b4 f6 13. Bg3 Bb5 14. Be2 c6 15. a4 Bxe2 16. Qxe2 Qd5 17. 0-0 f5 18. Rfb1 Ra7 19. Be5 h6 20. h3 Kh7 21. Ra3 Qd7 22. Rab3 Qd5 23. Qb2 Qc4 24. Rc1 Qd5 25. Qc3 Bf6 26. Bd6 Re8 27. b5 axb5 28. axb5 e5 29. dxe5 Bxe5 30. Bxe5 Rxe5 31. bxc6 bxc6 32. Rb6 Re6 33. Rb4 Qe5 34. Rd4 Rb7 35. Qc4 Rb5 36. Rd8 f4 37. Qd4 f3 38. g4 Qxd4 39. Rxd4 Rb8 40. Rd6 Rbe8 41. Rcd1 Kg6 42. Kh2 Kf7 43. h4 g5 44. Kg3 Rxd6 45. Rxd6 Re6 46. Rd8 Re5 47. Rd7+ Re7 48. Rd4 Re5 49. Rb4 Kf6 50. Ra4 Ke6 51. Ra7 Kd5 52. Rg7 Kxc5 53. Rg6 Kb5 54. Rxh6 gxh4+ 55. Kf4 Re8 56. Rxh4 c5 57. g5 c4 58. g6 c3 59. g7 Rg8 60. Kxe4 c2 61. Rh1 Kc4 62. Rh8 c1Q 63. Rxg8 Qc2+ 64. Kf4 Kd3 65. Rd8+ Ke2 66. g8Q Qc7+ 67. Kg4 Kxf2 68. Qa2+ Kxe3 69. Qd2+ 1-0

[Event "Arad op 12th"]
[Site "Arad"]
[Date "2019.07.25"]
[Round "2"]
[White "Markovic, Franjo Josip"]
[Black "Mastrovasilis, Dimitrios"]
[Result "0-1"]
[WhiteElo "2160"]
[BlackElo "2589"]
[PlyCount "58"]
[EventDate "2019.07.24"]
[EventType "swiss"]
[EventRounds "9"]
[EventCountry "ROU"]
[SourceTitle "CBM 191 Extra"]
[Source "ChessBase"]
[SourceDate "2019.09.30"]
[SourceVersion "1"]
[SourceVersionDate "2019.09.30"]
[SourceQuality "1"]

1. d4 d5 2. c4 e6 3. Nc3 Bb4 4. Nf3 dxc4 5. e4 b5 6. Bg5 Ne7 7. a4 c6 8. Be2 Bb7 9. h4 Nd7 10. h5 h6 11. Bh4 a6 12. Kf1 0-0 13. Rh3 f6 14. Nh2 c5 15. Bg4 cxd4 16. Bxe6+ Kh8 17. Ne2 Nc5 18. Nf4 Nxe4 19. Qg4 Bd6 20. Ng6+ Nxg6 21. hxg6 Qe7 22. Bf7 Bc8 23. Qh5 Bxh3 24. gxh3 Bxh2 25. Re1 Rxf7 26. gxf7 Nd2+ 27. Kg2 Qxe1 28. Kxh2 Qe5+ 29. Qxe5 Nf3+ 0-1

[Event "CRO Cup"]
[Site "Mali Losinj"]
[Date "2019.05.17"]
[Round "4.104"]
[White "Gvozdanovic, Matija"]
[Black "Markovic, Franjo Josip"]
[Result "0-1"]
[WhiteElo "1760"]
[BlackElo "2073"]
[PlyCount "62"]
[EventDate "2019.05.15"]
[EventType "team-swiss"]
[EventRounds "6"]
[EventCountry "CRO"]
[SourceTitle "CBM 190 Extra"]
[Source "ChessBase"]
[SourceDate "2019.07.15"]
[SourceVersion "1"]
[SourceVersionDate "2019.07.15"]
[SourceQuality "1"]
[WhiteTeam "Nasice Slavonac"]
[BlackTeam "Sveta Nedelja"]
[WhiteTeamCountry "CRO"]
[BlackTeamCountry "CRO"]

1. e4 c5 2. Nf3 Nc6 3. Bb5 e6 4. 0-0 Nge7 5. d3 a6 6. Ba4 b5 7. Bb3 Na5 8. Nbd2 Nec6 9. c3 Nxb3 10. Qxb3 Be7 11. Re1 0-0 12. a3 d5 13. exd5 exd5 14. h3 Bf5 15. Ne5 Na5 16. Qc2 f6 17. b4 fxe5 18. bxa5 c4 19. Rxe5 Bxd3 20. Qd1 Bf6 21. Re3 d4 22. Rg3 dxc3 23. Qg4 cxd2 24. Bxd2 Bxa1 25. Bh6 Bg6 26. Qe6+ Kh8 27. Rxg6 hxg6 28. Qxg6 gxh6 29. Qxh6+ Kg8 30. Qg6+ Bg7 31. g3 Qf6 0-1

[Event "CRO-chT U20 26th"]
[Site "Sv Filip i Jakov"]
[Date "2018.04.05"]
[Round "5.11"]
[White "Markovic, Franjo Josip"]
[Black "Batory, Lucija"]
[Result "1-0"]
[WhiteElo "2034"]
[BlackElo "1692"]
[PlyCount "87"]
[EventDate "2018.04.03"]
[EventType "team-swiss"]
[EventRounds "11"]
[EventCountry "CRO"]
[SourceTitle "CBM 184 Extra"]
[Source "ChessBase"]
[SourceDate "2018.06.28"]
[SourceVersion "1"]
[SourceVersionDate "2018.06.28"]
[SourceQuality "1"]

1. d4 d5 2. c4 e6 3. g3 c6 4. b3 Nf6 5. Nf3 Nbd7 6. Bg2 Bd6 7. 0-0 0-0 8. Bb2 b6 9. Nbd2 Bb7 10. Qc2 Qc7 11. Rac1 Rac8 12. e4 Nxe4 13. Nxe4 dxe4 14. Ng5 Nf6 15. Nxe4 Nxe4 16. Qxe4 Rfe8 17. Rfd1 Qe7 18. c5 Bb8 19. f4 Red8 20. b4 Qd7 21. Qe2 Bc7 22. Bc3 Ra8 23. Qg4 f5 24. Qe2 b5 25. a4 a6 26. a5 Qf7 27. Bf3 Rf8 28. Qg2 Qd7 29. Re1 Bd8 30. Qe2 Re8 31. Bh5 Re7 32. Qg2 g6 33. Bd1 Re8 34. d5 exd5 35. Bb3 Kf7 36. Qb2 Be7 37. Kf2 Rad8 38. Bd4 Bf8 39. Re5 Kg8 40. Rce1 Rxe5 41. Bxe5 Bg7 42. Bxg7 Qxg7 43. Qxg7+ Kxg7 44. Re7+ 1-0

[Event "CRO-chT U20 26th"]
[Site "Sv Filip i Jakov"]
[Date "2018.04.04"]
[Round "3.16"]
[White "Duda, Daniel1"]
[Black "Markovic, Franjo Josip"]
[Result "1-0"]
[WhiteElo "1972"]
[BlackElo "2034"]
[PlyCount "83"]
[EventDate "2018.04.03"]
[EventType "team-swiss"]
[EventRounds "11"]
[EventCountry "CRO"]
[SourceTitle "CBM 184 Extra"]
[Source "ChessBase"]
[SourceDate "2018.06.28"]
[SourceVersion "1"]
[SourceVersionDate "2018.06.28"]
[SourceQuality "1"]

1. d4 Nf6 2. c4 g6 3. Nc3 d5 4. cxd5 Nxd5 5. e4 Nxc3 6. bxc3 Bg7 7. Qa4+ Nd7 8. Nf3 0-0 9. Be3 c5 10. Rc1 Nb6 11. Qd1 cxd4 12. cxd4 Bg4 13. Be2 Qd7 14. 0-0 Rac8 15. Qd2 Qa4 16. Bd1 Qa6 17. Bb3 Bxf3 18. gxf3 Rfd8 19. Rxc8 Nxc8 20. Rc1 Qd6 21. e5 Qb8 22. Bf4 e6 23. Bg5 Rd7 24. Qc3 Nb6 25. a4 h6 26. Be3 Qd8 27. a5 Nd5 28. Bxd5 Rxd5 29. Qc8 Qxc8 30. Rxc8+ Kh7 31. Rc7 Rxa5 32. Rxf7 b5 33. d5 Kg8 34. dxe6 Ra6 35. Re7 b4 36. Re8+ Kh7 37. e7 Re6 38. Bc5 b3 39. Rb8 b2 40. Rxb2 Kg8 41. Rb8+ Kf7 42. Rf8+ 1-0

[Event "CRO-chT U20 26th"]
[Site "Sv Filip i Jakov"]
[Date "2018.04.04"]
[Round "4.15"]
[White "Jurotic, Nino"]
[Black "Markovic, Franjo Josip"]
[Result "1/2-1/2"]
[WhiteElo "1617"]
[BlackElo "2034"]
[PlyCount "43"]
[EventDate "2018.04.03"]
[EventType "team-swiss"]
[EventRounds "11"]
[EventCountry "CRO"]
[SourceTitle "CBM 184 Extra"]
[Source "ChessBase"]
[SourceDate "2018.06.28"]
[SourceVersion "1"]
[SourceVersionDate "2018.06.28"]
[SourceQuality "1"]

1. d4 Nf6 2. c4 g6 3. Nc3 d5 4. cxd5 Nxd5 5. e4 Nxc3 6. bxc3 Bg7 7. Bc4 c5 8. Ne2 Nc6 9. d5 Ne5 10. Bb5+ Bd7 11. Rb1 0-0 12. f4 Bxb5 13. Rxb5 Nd7 14. Rxb7 Nb6 15. Qd3 c4 16. Qh3 Re8 17. Be3 e6 18. dxe6 Rxe6 19. e5 Qd3 20. Qf3 Nd5 21. Rd7 Qxe3 22. Qxd5 1/2-1/2

[Event "CRO-ch U19"]
[Site "Vinkovci"]
[Date "2017.07.30"]
[Round "9"]
[White "Zadravec, Matija"]
[Black "Markovic, Franjo Josip"]
[Result "1-0"]
[WhiteElo "2150"]
[BlackElo "1986"]
[PlyCount "53"]
[EventDate "2017.07.24"]
[EventType "swiss"]
[EventRounds "9"]
[EventCountry "CRO"]
[SourceTitle "EXT 2018"]
[Source "ChessBase"]
[SourceDate "2017.10.13"]
[SourceVersion "1"]
[SourceVersionDate "2017.10.13"]
[SourceQuality "1"]

1. e4 e6 2. d4 d5 3. Nd2 c5 4. exd5 Qxd5 5. dxc5 Bxc5 6. Ngf3 Nf6 7. Bc4 Qc6 8. Qe2 0-0 9. 0-0 Qc7 10. b3 Nc6 11. Bb2 Be7 12. Ne4 Nxe4 13. Qxe4 Bd7 14. Rad1 Rad8 15. Qg4 e5 16. Qh5 g6 17. Qh6 Rfe8 18. Bxf7+ Kxf7 19. Qxh7+ Kf6 20. Nxe5 Nxe5 21. f4 Qc5+ 22. Bd4 Qxd4+ 23. Rxd4 Ng4 24. f5 Bc5 25. fxg6+ Ke5 26. Qg7+ Ke6 27. Qf7+ 1-0

[Event "CRO-ch U19"]
[Site "Vinkovci"]
[Date "2017.07.29"]
[Round "8"]
[White "Markovic, Franjo Josip"]
[Black "Vojak, Daniel"]
[Result "0-1"]
[WhiteElo "1986"]
[BlackElo "2197"]
[PlyCount "54"]
[EventDate "2017.07.24"]
[EventType "swiss"]
[EventRounds "9"]
[EventCountry "CRO"]
[SourceTitle "EXT 2018"]
[Source "ChessBase"]
[SourceDate "2017.10.13"]
[SourceVersion "1"]
[SourceVersionDate "2017.10.13"]
[SourceQuality "1"]

1. d4 Nf6 2. c4 g6 3. Nc3 Bg7 4. e4 d6 5. f4 0-0 6. Nf3 c5 7. d5 e6 8. Be2 exd5 9. cxd5 Re8 10. e5 Nfd7 11. e6 fxe6 12. dxe6 Nf8 13. 0-0 Nxe6 14. Bc4 Nc6 15. f5 gxf5 16. Ng5 h6 17. Nxe6 Bxe6 18. Bxe6+ Rxe6 19. Qb3 Qd7 20. Nd5 Nd4 21. Qh3 Rae8 22. Nf4 Re4 23. Bd2 Qb5 24. Kh1 Qxb2 25. Bc3 Qa3 26. Nd5 R8e5 27. Bxd4 Qxh3 0-1

[Event "CRO-ch U19"]
[Site "Vinkovci"]
[Date "2017.07.28"]
[Round "7"]
[White "Makovec, Bruno"]
[Black "Markovic, Franjo Josip"]
[Result "1-0"]
[WhiteElo "2193"]
[BlackElo "1986"]
[PlyCount "79"]
[EventDate "2017.07.24"]
[EventType "swiss"]
[EventRounds "9"]
[EventCountry "CRO"]
[SourceTitle "EXT 2018"]
[Source "ChessBase"]
[SourceDate "2017.10.13"]
[SourceVersion "1"]
[SourceVersionDate "2017.10.13"]
[SourceQuality "1"]

1. d4 Nf6 2. Nf3 g6 3. g3 Bg7 4. Bg2 0-0 5. c4 d5 6. cxd5 Nxd5 7. 0-0 Nb6 8. Nc3 Nc6 9. e3 Re8 10. Re1 e5 11. d5 Na5 12. e4 c6 13. b3 cxd5 14. exd5 e4 15. Nxe4 Bxa1 16. Bg5 f6 17. Bxf6 Bxf6 18. Nxf6+ Qxf6 19. Rxe8+ Kg7 20. Qe1 Bg4 21. Rxa8 Nxa8 22. Ne5 Qe7 23. f4 b6 24. d6 Qxd6 25. Bxa8 Qd4+ 26. Qf2 Qd1+ 27. Kg2 Be6 28. Bf3 Bd5 29. Bxd5 Qxd5+ 30. Nf3 Nc6 31. Qb2+ Kf7 32. Qh8 Qe4 33. Qxh7+ Kf6 34. Qh8+ Kf7 35. Qc3 Qe2+ 36. Kh3 Qe6+ 37. g4 Ke7 38. Kg3 b5 39. Qc5+ Kd8 40. Qxb5 1-0

[Event "CRO Cup"]
[Site "Mali Losinj"]
[Date "2017.05.13"]
[Round "5.6"]
[White "Raguz, Darko"]
[Black "Markovic, Franjo Josip"]
[Result "1/2-1/2"]
[WhiteElo "2102"]
[BlackElo "1990"]
[PlyCount "33"]
[EventDate "2017.05.10"]
[EventType "team-swiss"]
[EventRounds "6"]
[EventCountry "CRO"]
[SourceTitle "CBM 178 Extra"]
[Source "ChessBase"]
[SourceDate "2017.06.22"]
[SourceVersion "1"]
[SourceVersionDate "2017.06.22"]
[SourceQuality "1"]
[WhiteTeam "Vukovar"]
[BlackTeam "Zagreb Mladost"]
[WhiteTeamCountry "CRO"]
[BlackTeamCountry "CRO"]

1. e4 e6 2. d4 d5 3. Nd2 c5 4. Ngf3 cxd4 5. exd5 Qxd5 6. Bc4 Qd6 7. 0-0 Nf6 8. Nb3 Nc6 9. Nbxd4 Nxd4 10. Nxd4 Bd7 11. Re1 Qc7 12. Qe2 0-0-0 13. Nb5 Bxb5 14. Bxb5 Bd6 15. h3 Bh2+ 16. Kh1 Bf4 17. Be3 1/2-1/2

[Event "CRO Cup"]
[Site "Mali Losinj"]
[Date "2017.05.12"]
[Round "4.3"]
[White "Zelic, Mladen"]
[Black "Markovic, Franjo Josip"]
[Result "1-0"]
[WhiteElo "2303"]
[BlackElo "1990"]
[PlyCount "75"]
[EventDate "2017.05.10"]
[EventType "team-swiss"]
[EventRounds "6"]
[EventCountry "CRO"]
[SourceTitle "CBM 178 Extra"]
[Source "ChessBase"]
[SourceDate "2017.06.22"]
[SourceVersion "1"]
[SourceVersionDate "2017.06.22"]
[SourceQuality "1"]
[WhiteTeam "Solin Cemex"]
[BlackTeam "Zagreb Mladost"]
[WhiteTeamCountry "CRO"]
[BlackTeamCountry "CRO"]

1. e4 e6 2. d4 d5 3. Nc3 Nf6 4. e5 Nfd7 5. f4 c5 6. Nf3 Nc6 7. Bd3 Nxd4 8. Nxd4 cxd4 9. Ne2 Bc5 10. 0-0 0-0 11. Qe1 a5 12. Kh1 f6 13. Qh4 g6 14. Qg3 Qe7 15. Bd2 f5 16. Qh3 Rf7 17. g4 Nf8 18. Be1 Qc7 19. Bh4 Be7 20. Rg1 Bxh4 21. Qxh4 a4 22. Qf2 b6 23. Nxd4 Qc5 24. a3 Ba6 25. Bxa6 Rxa6 26. c3 b5 27. Rae1 Nd7 28. gxf5 Rxf5 29. Qh4 Rf8 30. Qh3 Qe7 31. f5 exf5 32. e6 Nf6 33. Nxf5 Qb7 34. Rg2 Ne4 35. e7 Re8 36. Rf1 Rxe7 37. Nxe7+ Qxe7 38. Qc8+ 1-0

[Event "CRO-chT U20"]
[Site "Sv Filip i Jakov"]
[Date "2017.04.22"]
[Round "6.2"]
[White "Troselj, Ivan"]
[Black "Markovic, Franjo Josip"]
[Result "1/2-1/2"]
[WhiteElo "1690"]
[BlackElo "1979"]
[PlyCount "114"]
[EventDate "2017.04.18"]
[EventType "team-tourn"]
[EventRounds "7"]
[EventCountry "CRO"]
[SourceTitle "EXT 2019"]
[Source "ChessBase"]
[SourceDate "2018.10.10"]
[SourceVersion "1"]
[SourceVersionDate "2018.10.10"]
[SourceQuality "1"]

1. e4 c5 2. Nf3 d6 3. c3 Nf6 4. h3 Nc6 5. d4 cxd4 6. cxd4 g6 7. Nc3 Bg7 8. Bc4 0-0 9. 0-0 Nxe4 10. Bxf7+ Rxf7 11. Nxe4 d5 12. Nc3 e6 13. Be3 a6 14. a3 Bd7 15. Rc1 b5 16. b4 Qb6 17. Qd3 Raf8 18. Rc2 a5 19. Qxb5 Qxb5 20. Nxb5 Nxb4 21. axb4 Bxb5 22. Ra1 a4 23. Ng5 Re7 24. Rc5 Rb8 25. Bf4 e5 26. dxe5 Bxe5 27. Bxe5 Rxe5 28. Nf3 Re4 29. Rxd5 Rxb4 30. Nd4 Bc4 31. Ra5 Rb1+ 32. Rxb1 Rxb1+ 33. Kh2 Bb3 34. Nxb3 axb3 35. Rb5 Kf7 36. Rb7+ Ke6 37. Rxh7 Kd5 38. Rb7 Kc4 39. Kg3 Rd1 40. f4 Rd5 41. Kg4 Rb5 42. Re7 Kd3 43. Re1 b2 44. h4 Kd2 45. Rb1 Ke3 46. g3 Kf2 47. f5 gxf5+ 48. Kf4 Ke2 49. h5 Kf2 50. h6 Rb4+ 51. Kg5 Kxg3 52. h7 Rg4+ 53. Kxf5 Rh4 54. Kg6 Rg4+ 55. Kf7 Rh4 56. Kg8 Rg4+ 57. Kh8 Rb4 1/2-1/2

[Event "CRO-chT U20"]
[Site "Sv Filip i Jakov"]
[Date "2017.04.20"]
[Round "4.3"]
[White "Toplak, Juraj"]
[Black "Markovic, Franjo Josip"]
[Result "0-1"]
[WhiteElo "2052"]
[BlackElo "1979"]
[PlyCount "116"]
[EventDate "2017.04.18"]
[EventType "team-tourn"]
[EventRounds "7"]
[EventCountry "CRO"]
[SourceTitle "EXT 2019"]
[Source "ChessBase"]
[SourceDate "2018.10.10"]
[SourceVersion "1"]
[SourceVersionDate "2018.10.10"]
[SourceQuality "1"]

1. e4 e6 2. d4 d5 3. Nd2 Nf6 4. exd5 exd5 5. Ngf3 Bd6 6. Bd3 Bg4 7. 0-0 0-0 8. c3 Nbd7 9. Re1 c6 10. Nf1 Qc7 11. h3 Bh5 12. b3 Rae8 13. Rxe8 Rxe8 14. Bb2 Ne4 15. Be2 Ndf6 16. c4 Ng5 17. Ne5 Bxe2 18. Qxe2 c5 19. Qc2 cxd4 20. Nd3 dxc4 21. Qxc4 Qxc4 22. bxc4 Ne6 23. Nd2 Rc8 24. Rc1 b6 25. Nb3 Bc5 26. g3 Ne4 27. Kg2 Nd6 28. Ne5 f6 29. Nf3 Kf7 30. Nfxd4 Nxd4 31. Bxd4 Bxd4 32. Nxd4 Rxc4 33. Rd1 b5 34. Nb3 Rc6 35. Rd2 Ke7 36. Nd4 Rb6 37. Nb3 Nc4 38. Re2+ Kd6 39. Re8 a5 40. Rd8+ Ke7 41. Rg8 Kf7 42. Rc8 a4 43. Nc5 Ne5 44. f4 Rc6 45. Rxc6 Nxc6 46. Ne4 b4 47. Kf2 Nd4 48. Ke3 b3 49. Nc3 Nb5 50. axb3 Nxc3 51. Kd3 axb3 52. Kxc3 Ke6 53. Kxb3 Kf5 54. Kc4 Ke4 55. f5 Kf3 56. Kd5 Kxg3 57. Ke4 Kxh3 58. Kf3 g5 0-1

[Event "CRO-ch U19"]
[Site "Vinkovci"]
[Date "2016.07.27"]
[Round "4"]
[White "Markovic, Franjo Josip"]
[Black "Pavic, Filip"]
[Result "0-1"]
[WhiteElo "2047"]
[BlackElo "2209"]
[PlyCount "80"]
[EventDate "2016.07.25"]
[EventType "swiss"]
[EventRounds "9"]
[EventCountry "CRO"]
[SourceTitle "CBM 173 Extra"]
[Source "ChessBase"]
[SourceDate "2016.08.29"]
[SourceVersion "1"]
[SourceVersionDate "2016.08.29"]
[SourceQuality "1"]

1. d4 Nf6 2. c4 e6 3. Nf3 Bb4+ 4. Nbd2 b6 5. a3 Bxd2+ 6. Bxd2 Bb7 7. e3 d6 8. Bd3 Ne4 9. 0-0 Nd7 10. b4 0-0 11. a4 Nxd2 12. Nxd2 a5 13. b5 e5 14. Qc2 h6 15. Be4 Bxe4 16. Qxe4 Nf6 17. Qh4 Re8 18. Rae1 Qd7 19. Ne4 Nxe4 20. Qxe4 exd4 21. Qxd4 Re5 22. f4 Rc5 23. Rf3 Qe6 24. Rg3 f6 25. Rc1 d5 26. Qd3 Qf7 27. e4 dxc4 28. Qd4 c6 29. bxc6 Rxc6 30. Rb1 Rac8 31. Rc3 Qe6 32. e5 fxe5 33. Qxe5 Qxe5 34. fxe5 Kf7 35. Kf2 Ke6 36. Rb5 Rd8 37. Ke3 Rd5 38. Ke4 Rxb5 39. axb5 Rc5 40. Kd4 Rd5+ 0-1

[Event "CRO-ch U19"]
[Site "Vinkovci"]
[Date "2016.07.25"]
[Round "1"]
[White "Kovac, Mihael"]
[Black "Markovic, Franjo Josip"]
[Result "0-1"]
[WhiteElo "1749"]
[BlackElo "2047"]
[PlyCount "50"]
[EventDate "2016.07.25"]
[EventType "swiss"]
[EventRounds "9"]
[EventCountry "CRO"]
[SourceTitle "CBM 173 Extra"]
[Source "ChessBase"]
[SourceDate "2016.08.29"]
[SourceVersion "1"]
[SourceVersionDate "2016.08.29"]
[SourceQuality "1"]

1. e4 e6 2. d4 d5 3. exd5 exd5 4. Nf3 Nc6 5. Bf4 Nf6 6. Nbd2 Bf5 7. Bb5 Be7 8. Ne5 Bd7 9. Bxc6 bxc6 10. Nxd7 Nxd7 11. 0-0 0-0 12. c4 Bf6 13. cxd5 cxd5 14. Nb3 Nb6 15. Nc5 Nc4 16. b3 Nd6 17. Qd3 g6 18. Bxd6 cxd6 19. Na4 Qa5 20. Rac1 Rfe8 21. Rc6 Re4 22. Rxd6 Bxd4 23. Rc1 Re1+ 24. Rxe1 Qxe1+ 25. Qf1 Bxf2+ 0-1

[Event "CRO-ch U17"]
[Site "Krapinske Toplice"]
[Date "2015.07.30"]
[Round "8"]
[White "Makovec, Bruno"]
[Black "Markovic, Franjo Josip"]
[Result "1-0"]
[WhiteElo "2146"]
[BlackElo "1986"]
[PlyCount "89"]
[EventDate "2015.07.25"]
[EventType "swiss"]
[EventRounds "9"]
[EventCountry "CRO"]
[SourceTitle "CBM 167 Extra"]
[Source "ChessBase"]
[SourceDate "2015.09.14"]
[SourceVersion "1"]
[SourceVersionDate "2015.09.14"]
[SourceQuality "1"]

1. c4 Nf6 2. b3 e5 3. Bb2 Nc6 4. Nc3 Bc5 5. g3 0-0 6. Bg2 d6 7. d3 Be6 8. Nf3 h6 9. 0-0 a6 10. e3 Ba7 11. a3 Qd7 12. d4 exd4 13. Nxd4 Bh3 14. Nxc6 Bxg2 15. Ne7+ Qxe7 16. Kxg2 Rad8 17. Qf3 c6 18. Rad1 Nd7 19. Qe4 Ne5 20. h3 Rfe8 21. Rfe1 Rd7 22. Rd2 Red8 23. Red1 Ng6 24. Qxe7 Nxe7 25. e4 f6 26. f4 Kf7 27. Kf3 Ke6 28. f5+ Kf7 29. g4 Nc8 30. Ne2 Ne7 31. Nf4 Nc8 32. b4 Nb6 33. Ne6 Nxc4 34. Nxd8+ Rxd8 35. Re2 Ne5+ 36. Kg2 Ke7 37. Rc2 Rc8 38. a4 b5 39. Bxe5 fxe5 40. axb5 axb5 41. Ra1 Bd4 42. Ra6 Kd7 43. Kg3 Rc7 44. Kh4 Kc8 45. Raxc6 1-0

[Event "CRO-ch U17"]
[Site "Krapinske Toplice"]
[Date "2015.07.26"]
[Round "2"]
[White "Toplak, Juraj"]
[Black "Markovic, Franjo Josip"]
[Result "0-1"]
[WhiteElo "1808"]
[BlackElo "1986"]
[PlyCount "110"]
[EventDate "2015.07.25"]
[EventType "swiss"]
[EventRounds "9"]
[EventCountry "CRO"]
[SourceTitle "CBM 167 Extra"]
[Source "ChessBase"]
[SourceDate "2015.09.14"]
[SourceVersion "1"]
[SourceVersionDate "2015.09.14"]
[SourceQuality "1"]

1. e4 e6 2. d4 d5 3. exd5 exd5 4. Nf3 Nc6 5. c3 Bd6 6. Be2 Bg4 7. Qb3 Nge7 8. Qxb7 0-0 9. Qb3 Qd7 10. Nbd2 Rfe8 11. 0-0 Ng6 12. Bb5 a6 13. Ba4 Rab8 14. Qc2 Re2 15. Qd3 Nf4 16. Qxa6 Rb6 17. Qa8+ Re8 18. Bxc6 Rxc6 19. Qa4 Bh3 20. Re1 Rxe1+ 21. Nxe1 Nxg2 22. Nxg2 Qg4 23. Kf1 Qxg2+ 24. Ke1 Qg1+ 25. Ke2 Qg4+ 26. Nf3 Rb6 27. Qa8+ Bf8 28. b3 Re6+ 29. Be3 Bg2 30. Qxd5 Rf6 31. Qd8 Bxf3+ 32. Kd2 Qf5 33. Qxc7 g6 34. Qd8 Kg7 35. Rg1 Bd6 36. Rg5 Qh3 37. Ra5 Qxh2 38. Ra6 Be7 39. Qxe7 Rxa6 40. a4 Re6 41. Qa7 Qh1 42. Kd3 Qf1+ 43. Kc2 Qa1 44. d5 Be4+ 45. Kd2 Qb2+ 46. Ke1 Qxc3+ 47. Ke2 Bxd5 48. Kf1 Rxe3 49. fxe3 Bxb3 50. a5 h5 51. Qb6 Bc4+ 52. Kg2 Qc2+ 53. Kg3 Qe4 54. a6 Bd5 55. a7 Qf3+ 0-1